|
|
|
|
| LEADER |
01576nam a2200289 u 4500 |
| 001 |
10056783 |
| 003 |
upatras |
| 005 |
20210117200822.0 |
| 008 |
060314s2001 gr gre |
| 020 |
|
|
|a 9601505091
|
| 040 |
|
|
|a GR-PaULI
|c GR-PaULI
|
| 041 |
0 |
|
|a gre
|
| 082 |
0 |
4 |
|a 305.8
|
| 245 |
1 |
0 |
|a Μετανάστες, ρατσισμός, ξενοφοβία
|b από τη θεωρία στην πράξη
|c επιμέλεια Γιάννης Κτιστάκις; πρόλογος Νίκος Φραγκάκης
|c ; Γενική Γραμματεία Νέας Γενιάς, Ελληνική Ένωση για τα δικαιώματα του ανθρώπου και του πολίτη, Ελληνικό Κέντρο Ευρωπαϊκών Μελετών και Ερευνών ... [και ά.]
|
| 260 |
|
|
|a Αθήνα
|b Εκδόσεις Αντ. Ν. Σάκκουλα
|c 2001
|
| 300 |
|
|
|a 165 σ.
|c 25 εκ.
|
| 504 |
|
|
|a Περιλαμβάνει βιβλιογραφία
|
| 650 |
|
4 |
|a Ρατσισμός
|9 776
|
| 650 |
|
4 |
|a Ξενοφοβία
|9 46500
|
| 650 |
|
4 |
|a Μετανάστες
|z Ελλάδα
|9 11071
|
| 700 |
1 |
|
|a Κτιστάκις, Γιάννης
|4 edt
|9 49424
|
| 700 |
1 |
|
|a Φραγκάκης, Νίκος
|9 49425
|
| 852 |
|
|
|a GR-PaULI
|b ΠΑΤΡΑ
|b ΒΚΠ
|b ΒΣ1
|k ΑΣΧΕ
|h 305.8 ΚΤΙ
|m 080722
|p 025000116193
|t 1
|
| 942 |
|
|
|2 ddc
|c BK15
|
| 952 |
|
|
|0 0
|1 0
|4 0
|6 305_800000000000000_ΚΤΙ
|7 0
|9 52167
|a LISP
|b LISP
|c BSC
|d 2016-04-24
|i 080722
|l 7
|o 305.8 ΚΤΙ
|p 025000116193
|r 2023-03-07 00:00:00
|s 2023-02-23
|t 1
|w 2016-04-24
|y BK15
|
| 998 |
|
|
|c ΑΒΑΚΟΜΙΔΗ
|d 2006-03
|
| 999 |
|
|
|c 33226
|d 33226
|